Buda oppugnata források Buda és Pest 1540-42. évi ostromainak történetéhez /

Elmentve itt :
Bibliográfiai részletek
Szerzők: Kasza Péter
Bagi Zoltán Péter
Csapó Fanni
Csehy Zoltán
Csizmazia Luca
Czikráki Zsuzsannna
Dokumentumtípus: Könyv
Megjelent: Eötvös Loránd Research Network Research Center for Humanities Budapest 2021
Sorozat:Mohács 1526-2026. Rekonstrukció és emlékezet
Tárgyszavak:
mtmt:32592174
Online Access:http://publicatio.bibl.u-szeged.hu/23242
LEADER 01053nam a2200265 i 4500
001 publ23242
005 20240114060011.0
008 220114s2021 hu o 0|| Magyar d
020 |a 9789634162582 
024 7 |a 32592174  |2 mtmt 
040 |a SZTE Publicatio Repozitórium  |b hun 
041 |a Magyar 
100 1 |a Kasza Péter 
245 1 0 |a Buda oppugnata   |h [elektronikus dokumentum] :  |b források Buda és Pest 1540-42. évi ostromainak történetéhez /  |c  Kasza Péter 
260 |a Eötvös Loránd Research Network Research Center for Humanities  |b Budapest  |c 2021 
300 |a 571 
490 0 |a Mohács 1526-2026. Rekonstrukció és emlékezet 
650 4 |a Történettudomány 
700 0 1 |a Bagi Zoltán Péter  |e aut 
700 0 1 |a Csapó Fanni  |e aut 
700 0 1 |a Csehy Zoltán  |e aut 
700 0 1 |a Csizmazia Luca  |e aut 
700 0 1 |a Czikráki Zsuzsannna  |e aut 
856 4 0 |u http://publicatio.bibl.u-szeged.hu/23242/1/BUDAOPPUGNATA.pdf  |z Dokumentum-elérés  
856 4 0 |u http://publicatio.bibl.u-szeged.hu/23242/2/BUDAOPPUGNATA_borito.pdf  |z Dokumentum-elérés